000 00465nam a2200181Ia 4500
999 _c11740
_d11740
003 0100
005 20190717124210.0
008 130303s9999 xx 000 0 und d
020 _a773496874
040 _cARRUPELIB
050 _aHM131.R447 1996
245 _aRending and renewing the social order
260 _aLewiston
_bEdwin Mellen Press
_c1996
300 _a480 p.
440 _aSocial Philosophy today
_947164
650 _aSocial justice
_xCongresses
_947165
650 _a Social conflict
_xCongresses
_947166
650 _aRationalism
_xCongresses
_947167
700 _aEdited by Yeager Hudson , Hudson, Yeager
_947168
942 _2lcc
_cMONOGRAPH